Multiple Choice JetPunker Quiz - Capybarra - Statistics

General Stats
  • This quiz has been taken 10 times
  • The average score is 7 of 10
Answer Stats
Question Answer % Correct
What U.S. state does he live in? Texas
100%
What country did he make for user Astana's project? Capyodogoville
89%
He is the host of what notable blog series? Country Showdown
89%
How many countries has he been to according to his JetPunk map? 1
78%
His most popular quiz is about Random Missing Countries on a Map. How many countries are missing in this quiz? 60
67%
To the nearest number shown, how many takes does he have? 100,000
56%
What is/was the popular Message Board game that he started? JetPunk Traitors
56%
He made a quiz poll about which of the following? Your favorite countries
56%
Which of these Multiple Choice City Quizzes did he NOT make? Bucharest
44%
All of these are in his playlist "Underrated Quizzes" except which one? Flags Chain on a World Map #1
22%
No matching quizzes found
Score Distribution
Percent of People with Each Score
Percentile by Number Answered
Your Score History
You have not taken this quiz